000 01246cgm a2200289 4500
001 B3217
008 090401t1986 xxu||||| |||| 00| 0 eng d
035 _a(Sirsi) u54791
041 _aeng
050 _a692.8
_c18
100 _aEnsom, Tony
245 _aIntermediate form of contract
_h[sound recording]
260 _aLondon
_bRICS
_c1986
300 _a1 audio cassette (ca. 60 min.)
350 _a10
490 _aOwlion Audio Programme
520 _aPrepared by the JCT to meet the particular needs of those concerned with building projects that come between the very large and the somewhat small, this programme explains the specific areas of use and assesses its value from the points of view of the building surveyor, quantity surveyor and building contractor.
650 _aBUILT ENVIRONMENT-BUILDING CONTRACT FORMS-STANDARD FORMS OF BUILDING CONTRACT-JOINT CONTRACTS TRIBNUAL CONTRACTS
650 _aJCT INTERMEDIATE FORM OF BUILDING CONTRACT (1984 EDITION)
690 _aBUILT ENVIRONMENT-BUILDING CONTRACT FORMS
700 _aDavis, Harvey
700 _aKolesar, Simon
710 _aRoyal Institution of Chartered Surveyors
_94900
710 _aCollege of Estate Management
_9400
942 _n0
948 _c04/03/1997
999 _c85305
_d85305